[Event "Xtracon Open 2019"]
[Site "Helsingor"]
[Date "2019.07.23"]
[Round "5.18"]
[White "Nielsen, Andre"]
[Black "Mardell, Jonas"]
[Result "1/2-1/2"]
[WhiteElo "2229"]
[BlackElo "2024"]
[Annotator "NA"]
[PlyCount "95"]
[EventDate "2019.07.19"]
[EventType "swiss"]
[EventCountry "DEN"]
[SourceTitle "playchess.com"]
[Source "ChessBase"]
[SourceQuality "1"]

1. e4 c5 2. Nf3 d6 3. d4 cxd4 4. Nxd4 Nf6 5. Nc3 a6 6. Bc4 e6 7. Bb3 Nbd7 8. f4 Nc5 9. f5 Be7 10. Qf3 O-O 11. Be3 e5 12. Nde2 Nxb3 13. axb3 b5 14. O-O Bb7 15. Ng3 Qc7 16. Rac1 Rfc8 17. Nh5 Nxh5 18. Qxh5 b4 19. Nd5 Bxd5 20. exd5 f6 21. Rf3 Bf8 22. Rh3 Qb7 23. Qxh7+ Kf7 24. Qh5+ Kg8 25. Qf3 Qb5 26. Qe4 Rc7 27. Rf3 Rac8 28. g4 a5 29. g5 Kf7 30. Rf2 Be7 31. Rd2 Rh8 32. Qg4 Ke8 33. gxf6 Bxf6 34. Qg6+ Kf8 35. Bg5 Rf7 36. c3 Qc5+ 37. Kh1 Bxg5 38. Qxg5 Rf6 39. Rg2 Rh7 40. cxb4 Qxb4 41. Rc8+ Kf7 42. Qe3 Qd4 43. Rc7+ Kg8 44. Qxd4 exd4 45. Rc8+ Rf8 46. Rxf8+ Kxf8 47. Rg4 Rh3 48. Rxd4 1/2-1/2

[Event "Xtracon Open 2019"]
[Site "Helsingor"]
[Date "2019.07.23"]
[Round "5.18"]
[White "Rishovd, Svein"]
[Black "Voll, Oddvar U"]
[Result "1-0"]
[WhiteElo "2124"]
[BlackElo "1927"]
[Annotator "NA"]
[PlyCount "87"]
[EventDate "2019.07.19"]
[EventType "swiss"]
[EventCountry "DEN"]
[SourceTitle "playchess.com"]
[Source "ChessBase"]
[SourceQuality "1"]

1. d4 d6 2. c4 f5 3. Nf3 e6 4. g3 Nf6 5. Nc3 Be7 6. Bg2 O-O 7. O-O Nbd7 8. Qc2 Qe8 9. Re1 c6 10. e4 Nb6 11. exf5 exf5 12. b3 Qd8 13. Bg5 h6 14. Bd2 Nh5 15. d5 c5 16. Re6 Bxe6 17. dxe6 d5 18. cxd5 Nxd5 19. Rd1 Nb4 20. Qb1 Qd3 21. Ne5 Qxb1 22. Rxb1 Rfd8 23. Be3 Bf6 24. f4 Bxe5 25. fxe5 Rd3 26. Bxc5 Na6 27. Bd6 Rxc3 28. Bxb7 Rac8 29. Bxa6 Rc1+ 30. Rxc1 Rxc1+ 31. Kf2 g5 32. Bc4 Ng7 33. e7+ Kh7 34. Bf7 Rc8 35. Ke3 h5 36. b4 Kh6 37. e6 f4+ 38. Ke4 Rc4+ 39. Kd3 f3 40. Bc5 f2 41. Bxf2 Rxb4 42. e8=Q Nxe8 43. Bxe8 Kg7 44. Bd4+ 1-0

[Event "Xtracon Open 2019"]
[Site "Helsingor"]
[Date "2019.07.23"]
[Round "5.19"]
[White "Fantinel, Thibault"]
[Black "Eriksson, Jorgen"]
[Result "1-0"]
[WhiteElo "2374"]
[BlackElo "2211"]
[Annotator "NA"]
[PlyCount "117"]
[EventDate "2019.07.19"]
[EventType "swiss"]
[EventCountry "DEN"]
[SourceTitle "playchess.com"]
[Source "ChessBase"]
[SourceQuality "1"]

1. e4 e6 2. d4 d5 3. Nd2 Be7 4. Ngf3 Nf6 5. e5 Nfd7 6. Bd3 c5 7. c3 Nc6 8. O-O a5 9. a4 cxd4 10. cxd4 Nb4 11. Be2 b6 12. Nb1 Ba6 13. Bxa6 Nxa6 14. Nc3 O-O 15. Bd2 Ndb8 16. Qe2 Nc6 17. Rfc1 Qd7 18. Nb5 Rfc8 19. Ne1 Ncb4 20. Rc3 Rxc3 21. bxc3 Nc6 22. Nc2 Nc7 23. f4 Nxb5 24. Qxb5 Rb8 25. Ne3 Rb7 26. Rb1 Nb8 27. Qxd7 Nxd7 28. Kf1 Rc7 29. Ke2 Rc6 30. Kd3 Kf8 31. c4 dxc4+ 32. Nxc4 Ke8 33. g4 Kd8 34. Rf1 Ke8 35. h4 Nb8 36. Rb1 Nd7 37. h5 Kf8 38. f5 Kg8 39. Rf1 Rc8 40. g5 exf5 41. Rxf5 Rd8 42. Ke4 Rc8 43. Ne3 g6 44. Rf1 Bxg5 45. Nd5 Bd8 46. Kd3 Nf8 47. h6 Ne6 48. Be3 Kf8 49. Rb1 Rb8 50. Nc3 Rc8 51. Ne4 f5 52. exf6 Rb8 53. d5 Nc7 54. Rxb6 Rxb6 55. Bxb6 Kf7 56. Bxa5 Nxd5 57. Bxd8 Nb4+ 58. Kc4 Nc6 59. Bc7 1-0

[Event "Xtracon Open 2019"]
[Site "Helsingor"]
[Date "2019.07.23"]
[Round "5.20"]
[White "Ernst, Michael"]
[Black "Malmstig, Erik"]
[Result "0-1"]
[WhiteElo "2190"]
[BlackElo "2357"]
[Annotator "NA"]
[PlyCount "94"]
[EventDate "2019.07.19"]
[EventType "swiss"]
[EventCountry "DEN"]
[SourceTitle "playchess.com"]
[Source "ChessBase"]
[SourceQuality "1"]

1. d4 Nf6 2. c4 e6 3. Nc3 Bb4 4. Qc2 O-O 5. a3 Bxc3+ 6. Qxc3 b6 7. Bg5 Bb7 8. f3 d6 9. e3 Nbd7 10. Bd3 c5 11. Ne2 Rc8 12. O-O Re8 13. b4 Qc7 14. Rac1 h6 15. Bh4 Qb8 16. Qd2 Qa8 17. Bg3 e5 18. Bf5 cxd4 19. exd4 e4 20. fxe4 Bxe4 21. Bxe4 Nxe4 22. Qd3 Qb7 23. Nc3 Ndf6 24. Nxe4 Nxe4 25. Rfe1 f5 26. Qf3 Qf7 27. c5 dxc5 28. dxc5 bxc5 29. bxc5 Re6 30. Bf2 Rec6 31. Rxe4 fxe4 32. Qxe4 Rf6 33. Rc2 Re8 34. Qd3 Rf8 35. Qe3 Qd5 36. Qc1 Rg6 37. Be3 Rff6 38. h3 Kh7 39. Qd2 Qe4 40. Bd4 Rf4 41. c6 Qf5 42. Rc1 Qxh3 43. Rc2 Rh4 44. Kf1 Qh1+ 45. Bg1 Rf6+ 46. Qf2 Rxf2+ 47. Kxf2 Rg4 0-1

[Event "Xtracon Open 2019"]
[Site "Helsingor"]
[Date "2019.07.23"]
[Round "5.21"]
[White "Solberg, Joachim"]
[Black "Haubro, Martin"]
[Result "0-1"]
[WhiteElo "2181"]
[BlackElo "2356"]
[Annotator "NA"]
[PlyCount "82"]
[EventDate "2019.07.19"]
[EventType "swiss"]
[EventCountry "DEN"]
[SourceTitle "playchess.com"]
[Source "ChessBase"]
[SourceQuality "1"]

1. e4 c5 2. c3 d5 3. exd5 Qxd5 4. d4 Nf6 5. Nf3 e6 6. Bd3 Nc6 7. O-O Be7 8. Na3 O-O 9. Nc2 Rd8 10. Qe2 b6 11. Bg5 cxd4 12. Rfd1 Bb7 13. cxd4 h6 14. Bh4 Rac8 15. h3 Na5 16. Ne3 Qh5 17. g4 Bxf3 18. gxh5 Bxe2 19. Bxe2 Nd5 20. Bxe7 Nxe7 21. Rd2 Nac6 22. Rad1 Nb4 23. a3 Nbd5 24. Bf3 Kf8 25. Kg2 Rc7 26. Kg3 Nf6 27. Kf4 Ned5+ 28. Kg3 Ke7 29. Rd3 Kd6 30. R3d2 Rdc8 31. Rd3 Rc1 32. R1d2 Rg1+ 33. Kh2 Rb1 34. Bxd5 Nxd5 35. Nxd5 Kxd5 36. Rg3 Rcc1 37. Rf3 Rh1+ 38. Kg3 Rbg1+ 39. Kh4 f5 40. Rg3 Rxg3 41. fxg3 Rc1 0-1

[Event "Xtracon Open 2019"]
[Site "Helsingor"]
[Date "2019.07.23"]
[Round "5.22"]
[White "Gandrud, Vegar Koi"]
[Black "Liu, Casper"]
[Result "1-0"]
[WhiteElo "2351"]
[BlackElo "2194"]
[Annotator "NA"]
[PlyCount "207"]
[EventDate "2019.07.19"]
[EventType "swiss"]
[EventCountry "DEN"]
[SourceTitle "playchess.com"]
[Source "ChessBase"]
[SourceQuality "1"]

1. d4 Nf6 2. c4 g6 3. Nc3 Bg7 4. e4 d6 5. Nf3 O-O 6. Be2 e5 7. d5 Na6 8. Be3 Ng4 9. Bg5 f6 10. Bh4 h5 11. Nd2 c5 12. dxc6 bxc6 13. h3 Nh6 14. a3 Nc5 15. Nb3 Qe7 16. Nxc5 dxc5 17. f3 Nf7 18. Bf2 Nd8 19. Qa4 Rb8 20. Rb1 Bh6 21. O-O a5 22. Qxa5 Ne6 23. Na4 Bd7 24. Qc3 Nd4 25. Bd1 Ra8 26. Re1 f5 27. Nb6 fxe4 28. Nxd7 Qxd7 29. Rxe4 Rfb8 30. Bc2 Qf5 31. Qd3 Rd8 32. Bxd4 cxd4 33. Re2 Qxd3 34. Bxd3 Be3+ 35. Kf1 Kg7 36. Ke1 c5 37. Kd1 Rdb8 38. Kc2 Ra6 39. Rd1 Rab6 40. Kb1 h4 41. Ka2 Rb3 42. Be4 Kf6 43. Rd3 R3b6 44. b3 Ra6 45. Re1 Rbb6 46. Rb1 Ra7 47. Kb2 Kg7 48. Ra1 Kf6 49. Re1 Rba6 50. a4 Rb6 51. Ka3 Kg5 52. Rb1 Rb4 53. Bc6 Kf4 54. Ka2 Kg3 55. Rb2 Kf4 56. Rd1 Kg3 57. Re2 Kf4 58. Kb2 Kg3 59. Kc2 Kf4 60. Ra1 Ra5 61. Ra3 g5 62. Be4 Rb6 63. Ra1 Rb4 64. Rb1 Ra6 65. Bd5 Ra5 66. Bc6 Ra6 67. Bb5 Ra7 68. Kd3 Ra8 69. Ra2 Ra5 70. Raa1 Kf5 71. Bd7+ Kf4 72. Ra2 Ra7 73. Bc6 Ra5 74. Bb5 Kf5 75. Ra3 Kf4 76. Re1 Kf5 77. Rxe3 dxe3 78. Kxe3 Kf6 79. Ke4 Ke6 80. Kd3 Ra8 81. a5 Kd6 82. Ke4 Ke6 83. a6 Ra7 84. Kd3 Kd6 85. Kc3 Kc7 86. Ra2 Kb6 87. Rd2 Rxb5 88. cxb5 Kxb5 89. Rd5 Kxa6 90. Rxe5 Kb5 91. Rxg5 Ra1 92. Rg4 Rc1+ 93. Kb2 Rf1 94. Kc2 Rg1 95. f4 Rf1 96. Kc3 Rc1+ 97. Kd2 Rf1 98. Ke2 Rb1 99. f5 Rb2+ 100. Kd1 Rxb3 101. Rf4 Rd3+ 102. Kc2 Rd7 103. Rxh4 c4 104. Rf4 1-0

[Event "Xtracon Open 2019"]
[Site "Helsingor"]
[Date "2019.07.23"]
[Round "5.23"]
[White "Nilssen, Ellen Fredericia"]
[Black "Rydstrom, Tom"]
[Result "0-1"]
[WhiteElo "2155"]
[BlackElo "2345"]
[Annotator "NA"]
[PlyCount "134"]
[EventDate "2019.07.19"]
[EventType "swiss"]
[EventCountry "DEN"]
[SourceTitle "playchess.com"]
[Source "ChessBase"]
[SourceQuality "1"]

1. Nf3 d5 2. d4 Nf6 3. c4 e6 4. Nc3 c6 5. cxd5 exd5 6. Bg5 Be7 7. e3 Nbd7 8. Bd3 O-O 9. Qc2 Re8 10. h3 Nf8 11. O-O-O Be6 12. Kb1 Rc8 13. Rc1 a6 14. Na4 h6 15. Bf4 N8d7 16. g4 c5 17. dxc5 Nxc5 18. Nxc5 Bxc5 19. Qd2 Ne4 20. Qe2 Qa5 21. Rhd1 d4 22. Bc4 Bxc4 23. Rxc4 Qb5 24. a4 Nc3+ 25. Ka1 Nxe2 26. axb5 Nxf4 27. exf4 axb5 28. Rc2 Bb6 29. Rcd2 Re4 30. Nxd4 Rxf4 31. Nxb5 Rxf2 32. Rxf2 Bxf2 33. Rd7 Rc1+ 34. Ka2 Rh1 35. Nd6 Rxh3 36. Nxf7 Rg3 37. Ne5 b6 38. Kb1 Kh7 39. Kc2 Be3 40. Nc4 Bg5 41. Nxb6 Rxg4 42. Rd3 Rg2+ 43. Kd1 Rxb2 44. Nc4 Ra2 45. Ke1 Bf6 46. Kf1 h5 47. Nd2 Kg6 48. Ne4 Kf5 49. Nxf6 Kxf6 50. Kg1 h4 51. Rb3 g5 52. Kh1 Kg6 53. Rc3 Kh5 54. Rb3 Rf2 55. Ra3 Kg4 56. Ra1 Kg3 57. Rg1+ Kf4 58. Ra1 g4 59. Rb1 Kg3 60. Rb3+ Rf3 61. Rb1 Kh3 62. Kg1 g3 63. Rb2 Rc3 64. Rb1 g2 65. Ra1 Kg3 66. Ra3 Rf3 67. Ra1 h3 0-1

[Event "Xtracon Open 2019"]
[Site "Helsingor"]
[Date "2019.07.23"]
[Round "5.24"]
[White "Vaishali R"]
[Black "Petersen, Peter Birk"]
[Result "1-0"]
[WhiteElo "2344"]
[BlackElo "2158"]
[Annotator "NA"]
[PlyCount "85"]
[EventDate "2019.07.19"]
[EventType "swiss"]
[EventCountry "DEN"]
[SourceTitle "playchess.com"]
[Source "ChessBase"]
[SourceQuality "1"]

1. e4 c5 2. Nc3 e6 3. d4 cxd4 4. Qxd4 Nc6 5. Qe3 Nf6 6. Bd2 a6 7. O-O-O Qc7 8. f4 d6 9. Nf3 b5 10. Be1 Be7 11. Bd3 Bb7 12. Bh4 Nb4 13. a3 Nxd3+ 14. Rxd3 Rc8 15. Rd2 O-O 16. f5 Ng4 17. Qe1 exf5 18. exf5 Rfe8 19. Re2 Kf8 20. Bxe7+ Rxe7 21. Rxe7 Qxe7 22. Qg3 Nf6 23. Re1 Qc7 24. Nd4 Qd7 25. Qf4 Bxg2 26. Rg1 Bb7 27. Qg5 Ne8 28. f6 g6 29. Re1 Kg8 30. Re7 Qh3 31. Rxb7 Qf1+ 32. Nd1 Nxf6 33. Re7 Rc5 34. Qg3 Rd5 35. Re1 Qc4 36. Nb3 Qc7 37. Nc3 Re5 38. Rf1 Qe7 39. Nd4 Nh5 40. Qf2 Qg5+ 41. Kb1 Re7 42. Qf3 Kg7 43. Ne6+ 1-0

[Event "Xtracon Open 2019"]
[Site "Helsingor"]
[Date "2019.07.24"]
[Round "6"]
[White "Korobov, Anton"]
[Black "Praggnanandhaa R"]
[Result "0-1"]
[WhiteElo "2687"]
[BlackElo "2540"]
[Annotator "TA"]
[PlyCount "52"]
[EventDate "2019.??.??"]
[EventCountry "DEN"]
[SourceTitle "playchess.com"]
[Source "ChessBase"]
[SourceQuality "1"]

1. d4 Nf6 2. c4 e6 3. Nc3 Bb4 4. e3 O-O 5. Bd3 d5 6. Nf3 c5 7. O-O dxc4 8. Bxc4 cxd4 9. exd4 b6 10. Bg5 Bb7 11. Re1 Nbd7 12. Rc1 Rc8 13. Bd3 h6 14. Bh4 Be7 15. Bc2 Nh5 16. Qd3 Ndf6 17. Bxf6 Nxf6 18. Ne5 Qd6 19. a3 Rfd8 20. Rcd1 Qc7 21. Re3 Bd6 22. f4 a6 23. Bb1 b5 24. h3 Ba8 25. f5 Bxe5 26. Rxe5 exf5 0-1

[Event "Xtracon Open 2019"]
[Site "Helsingor"]
[Date "2019.07.24"]
[Round "6"]
[White "Lysyj, Igor"]
[Black "Fantinel, Thibault"]
[Result "1/2-1/2"]
[WhiteElo "2623"]
[BlackElo "2374"]
[Annotator "TA"]
[PlyCount "87"]
[EventDate "2019.??.??"]
[EventCountry "DEN"]
[SourceTitle "playchess.com"]
[Source "ChessBase"]
[SourceQuality "1"]

1. d4 Nf6 2. c4 e6 3. Nf3 b6 4. g3 Bb7 5. Bg2 Bb4+ 6. Bd2 c5 7. Bxb4 cxb4 8. O-O O-O 9. Qd3 d6 10. Rd1 Qc7 11. a3 Rc8 12. axb4 Qxc4 13. Qxc4 Rxc4 14. Ne5 Rc7 15. Bxb7 Rxb7 16. Rc1 Nbd7 17. Nc6 b5 18. Nc3 a6 19. e4 Nb6 20. e5 dxe5 21. dxe5 Rc7 22. Nxb5 axb5 23. Rxa8+ Nxa8 24. exf6 gxf6 25. Rc5 Nb6 26. Nd4 Nd5 27. Nxb5 Rb7 28. Kf1 Nxb4 29. Nd6 Rd7 30. Ne8 Rd2 31. Nxf6+ Kg7 32. Nh5+ Kh6 33. Nf4 Rxb2 34. Rb5 Kg7 35. h4 h6 36. Rb7 Kf6 37. Rd7 Nc6 38. Nd3 Ra2 39. Rb7 Rd2 40. Nc5 Rd1+ 41. Kg2 Ne5 42. Rb3 Rc1 43. Ne4+ Kg6 44. Rc3 1/2-1/2

[Event "Xtracon Open 2019"]
[Site "Helsingor"]
[Date "2019.07.24"]
[Round "6"]
[White "Tari, Aryan"]
[Black "Korley, Kassa"]
[Result "1/2-1/2"]
[WhiteElo "2620"]
[BlackElo "2437"]
[Annotator "TA"]
[PlyCount "61"]
[EventDate "2019.??.??"]
[EventCountry "DEN"]
[SourceTitle "playchess.com"]
[Source "ChessBase"]
[SourceQuality "1"]

1. e4 c5 2. Nf3 Nc6 3. Bb5 d6 4. O-O Bd7 5. Re1 Nf6 6. c3 a6 7. Bf1 Bg4 8. h3 Bxf3 9. Qxf3 e6 10. d3 Be7 11. Bf4 Rg8 12. Be3 g5 13. d4 g4 14. hxg4 Nxg4 15. Nd2 Nxe3 16. Qxe3 Bg5 17. f4 Bh4 18. d5 exd5 19. exd5+ Ne7 20. Qh3 Bxe1 21. Ne4 Bg3 22. Nf6+ Kf8 23. Qh6+ Rg7 24. Nxh7+ Kg8 25. Nf6+ Kf8 26. Nh7+ Kg8 27. Nf6+ Kf8 28. Bd3 Bxf4 29. Nh7+ Kg8 30. Nf6+ Kf8 31. Nh7+ 1/2-1/2

[Event "Xtracon Open 2019"]
[Site "Helsingor"]
[Date "2019.07.24"]
[Round "6"]
[White "Karthikeyan, Murali"]
[Black "Postny, Evgeny"]
[Result "1/2-1/2"]
[WhiteElo "2613"]
[BlackElo "2601"]
[Annotator "TA"]
[PlyCount "82"]
[EventDate "2019.??.??"]
[EventCountry "DEN"]
[SourceTitle "playchess.com"]
[Source "ChessBase"]
[SourceQuality "1"]

1. Nf3 d5 2. g3 c6 3. Bg2 Bg4 4. O-O Nf6 5. d4 e6 6. h3 Bh5 7. c4 Nbd7 8. cxd5 cxd5 9. Qb3 Qb6 10. Nc3 Be7 11. Qxb6 Nxb6 12. Ne5 O-O 13. g4 Bg6 14. h4 Ne8 15. h5 Bc2 16. Bd2 f6 17. Nd3 Bxd3 18. exd3 Rd8 19. a4 Nc7 20. Rfe1 Kf7 21. f4 a5 22. f5 Bb4 23. Rac1 Rd7 24. Bf4 exf5 25. Bxc7 Rxc7 26. Nxd5 Rxc1 27. Rxc1 Nxd5 28. Bxd5+ Ke7 29. gxf5 Rd8 30. Be6 Kd6 31. d5 Bc5+ 32. Kg2 Re8 33. Kf3 Re7 34. Ke4 Rc7 35. h6 gxh6 36. Rh1 Rg7 37. Rxh6 Ke7 38. d4 Rg4+ 39. Kf3 Rxd4 40. Rxh7+ Kd6 41. Rd7+ Ke5 1/2-1/2

[Event "Xtracon Open 2019"]
[Site "Helsingor"]
[Date "2019.07.24"]
[Round "6"]
[White "Vocaturo, Daniele"]
[Black "Sargissian, Gabriel"]
[Result "1/2-1/2"]
[WhiteElo "2612"]
[BlackElo "2681"]
[Annotator "TA"]
[PlyCount "37"]
[EventDate "2019.??.??"]
[EventCountry "DEN"]
[SourceTitle "playchess.com"]
[Source "ChessBase"]
[SourceQuality "1"]

1. e4 e5 2. Nf3 Nc6 3. d4 exd4 4. Nxd4 Nf6 5. Nxc6 bxc6 6. e5 Qe7 7. Qe2 Nd5 8. h4 Qe6 9. Nd2 a5 10. g3 Nb4 11. Nf3 Ba6 12. c4 c5 13. Bf4 Qg6 14. Rc1 Bb7 15. a3 Qe4 16. Rc3 Qb1+ 17. Rc1 Qe4 18. Rc3 Qb1+ 19. Rc1 1/2-1/2

[Event "Xtracon Open 2019"]
[Site "Helsingor"]
[Date "2019.07.24"]
[Round "6"]
[White "Andersen, Mads"]
[Black "Gandrud, Vegar Koi"]
[Result "1-0"]
[WhiteElo "2605"]
[BlackElo "2351"]
[Annotator "TA"]
[PlyCount "69"]
[EventDate "2019.??.??"]
[EventCountry "DEN"]
[SourceTitle "playchess.com"]
[Source "ChessBase"]
[SourceQuality "1"]

1. d4 Nf6 2. c4 g6 3. Nf3 Bg7 4. e3 O-O 5. Be2 c5 6. d5 d6 7. Nc3 e6 8. O-O exd5 9. cxd5 Re8 10. Nd2 a6 11. a4 Nbd7 12. Nc4 Ne5 13. Na3 g5 14. f4 gxf4 15. exf4 Ng6 16. Nc4 Ne4 17. Nxe4 Rxe4 18. f5 Ne5 19. Qc2 Rd4 20. Be3 Rxd5 21. f6 Bf8 22. Qe4 Be6 23. Nxe5 Rxe5 24. Qh4 c4 25. Rf3 Kh8 26. Bxc4 Bxc4 27. Qxc4 d5 28. Qg4 Rxe3 29. Rxe3 Qb6 30. Rae1 Re8 31. Qg3 Rxe3 32. Rxe3 Qxb2 33. Qg7+ Bxg7 34. Re8+ Bf8 35. Rxf8# 1-0

[Event "Xtracon Open 2019"]
[Site "Helsingor"]
[Date "2019.07.24"]
[Round "6"]
[White "Hansen, Sune Berg"]
[Black "Grandelius, Nils"]
[Result "1/2-1/2"]
[WhiteElo "2575"]
[BlackElo "2691"]
[Annotator "TA"]
[PlyCount "41"]
[EventDate "2019.??.??"]
[EventCountry "DEN"]
[SourceTitle "playchess.com"]
[Source "ChessBase"]
[SourceQuality "1"]

1. d4 Nf6 2. c4 g6 3. Nc3 d5 4. Bd2 Bg7 5. cxd5 Nxd5 6. e4 Nxc3 7. Bxc3 O-O 8. Qd2 Nc6 9. d5 Ne5 10. Be2 c6 11. f4 Ng4 12. Bxg7 Kxg7 13. Bxg4 Bxg4 14. dxc6 e5 15. h3 Be6 16. cxb7 Rb8 17. Qxd8 Rfxd8 18. fxe5 Rxb7 19. b3 a5 20. Nf3 a4 21. O-O 1/2-1/2

[Event "Xtracon Open 2019"]
[Site "Helsingor"]
[Date "2019.07.24"]
[Round "6"]
[White "Malmstig, Erik"]
[Black "Sevian, Samuel"]
[Result "0-1"]
[WhiteElo "2357"]
[BlackElo "2667"]
[Annotator "TA"]
[PlyCount "44"]
[EventDate "2019.??.??"]
[EventCountry "DEN"]
[SourceTitle "playchess.com"]
[Source "ChessBase"]
[SourceQuality "1"]

1. d4 e6 2. c4 Nf6 3. Nc3 Bb4 4. e3 O-O 5. Bd3 d5 6. cxd5 exd5 7. Nge2 Re8 8. f3 Bd6 9. O-O c5 10. Qe1 Nc6 11. Qh4 h6 12. Bd2 b6 13. a3 Bb7 14. Rae1 Na5 15. Nd1 Nc4 16. Bc1 Rc8 17. Ng3 Bf8 18. Nc3 Na5 19. Nf5 Nb3 20. g4 Nh7 21. Qh5 Qf6 22. e4 cxd4 0-1

[Event "Xtracon Open 2019"]
[Site "Helsingor"]
[Date "2019.07.24"]
[Round "6"]
[White "Haubro, Martin"]
[Black "Svane, Rasmus"]
[Result "0-1"]
[WhiteElo "2356"]
[BlackElo "2615"]
[Annotator "TA"]
[PlyCount "82"]
[EventDate "2019.??.??"]
[EventCountry "DEN"]
[SourceTitle "playchess.com"]
[Source "ChessBase"]
[SourceQuality "1"]

1. e4 c6 2. d4 d5 3. exd5 cxd5 4. c4 Nf6 5. Nc3 Nc6 6. Nf3 a6 7. Ne5 e6 8. Bg5 Be7 9. Be2 h6 10. Bh4 dxc4 11. Nxc6 bxc6 12. O-O Ra7 13. Bxc4 Rd7 14. Ne2 O-O 15. Qa4 Bb7 16. Rac1 Qa8 17. f3 Rfd8 18. Bf2 Ne8 19. Qa5 Bg5 20. Rc2 Nc7 21. f4 Bf6 22. f5 c5 23. Nf4 exf5 24. dxc5 Bg5 25. Bg3 Ne8 26. h4 Bf6 27. Kh2 Bd4 28. Bd3 Be4 29. c6 Bxd3 30. Nxd3 Rd5 31. Qa4 Nf6 32. Nf4 Rc5 33. Rxc5 Bxc5 34. Rc1 Be3 35. Rc3 Qa7 36. c7 Rc8 37. Qc6 Ng4+ 38. Kh3 Bxf4 39. Bxf4 Qg1 40. Rc2 Qh1+ 41. Kg3 Qe1+ 0-1

[Event "Xtracon Open 2019"]
[Site "Helsingor"]
[Date "2019.07.24"]
[Round "6"]
[White "Rydstrom, Tom"]
[Black "Kollars, Dmitrij"]
[Result "0-1"]
[WhiteElo "2345"]
[BlackElo "2581"]
[Annotator "ChessBase"]
[PlyCount "74"]
[EventDate "2019.??.??"]
[EventCountry "DEN"]
[SourceTitle "playchess.com"]
[Source "ChessBase"]
[SourceQuality "1"]

1. e4 c5 2. Nf3 e6 3. d4 cxd4 4. Nxd4 Nc6 5. Nc3 Qc7 6. f4 a6 7. Nxc6 Qxc6 8. Bd3 b5 9. Qe2 Bb7 10. Bd2 Bc5 11. a3 Ne7 12. O-O-O O-O 13. g4 b4 14. axb4 Bxb4 15. g5 a5 16. Kb1 Rfb8 17. h4 Ba6 18. Bxa6 Rxa6 19. Rh3 Rab6 20. b3 Bxc3 21. Rxc3 Qb7 22. Bc1 a4 23. Bb2 d5 24. Qd3 axb3 25. Rxb3 Rxb3 26. cxb3 Qxb3 27. Qxb3 Rxb3 28. Kc2 Rb8 29. h5 dxe4 30. Rd7 Nf5 31. Be5 Rc8+ 32. Kd1 Kf8 33. Ra7 e3 34. Rb7 Ng3 35. g6 e2+ 36. Kd2 Rd8+ 37. Kc2 e1=Q 0-1

[Event "Xtracon Open 2019"]
[Site "Helsingor"]
[Date "2019.07.24"]
[Round "6.1"]
[White "Svane, Frederik"]
[Black "Rasmussen, Allan Stig"]
[Result "1/2-1/2"]
[WhiteElo "2334"]
[BlackElo "2569"]
[Annotator "ChessBase"]
[PlyCount "92"]
[EventDate "2019.07.19"]
[EventType "swiss"]
[EventCountry "DEN"]
[SourceTitle "playchess.com"]
[Source "ChessBase"]
[SourceQuality "1"]

1. e4 e5 2. Nf3 Nc6 3. Nc3 d6 4. d4 Bg4 5. d5 Nd4 6. Be3 Nxf3+ 7. gxf3 Bd7 8. Qd2 Nf6 9. O-O-O Be7 10. Kb1 O-O 11. Ne2 c6 12. Bg2 cxd5 13. exd5 a5 14. f4 Ng4 15. fxe5 Nxe5 16. Bd4 Bf6 17. f4 Ng4 18. Bf3 Re8 19. Rdg1 Bxd4 20. Qxd4 Nf6 21. h4 Rc8 22. Ng3 b5 23. Be2 Qc7 24. Bd3 Qc5 25. Qxf6 gxf6 26. Ne4+ Kh8 27. Nxc5 Rxc5 28. Re1 Rxd5 29. Rxe8+ Bxe8 30. Re1 Bd7 31. Re7 Be6 32. a3 b4 33. axb4 axb4 34. Rb7 Rd4 35. h5 Kg7 36. f5 Bd5 37. Rd7 b3 38. Kc1 Bc4 39. Bxc4 Rxc4 40. c3 Rh4 41. Rxd6 Rxh5 42. Rb6 Rh1+ 43. Kd2 Rh2+ 44. Kc1 Rh1+ 45. Kd2 Rh2+ 46. Kc1 Rh1+ 1/2-1/2

[Event "Xtracon Open 2019"]
[Site "Helsingor"]
[Date "2019.07.24"]
[Round "6.1"]
[White "Holm, Ragnar"]
[Black "Welling, Gerard"]
[Result "1/2-1/2"]
[WhiteElo "2142"]
[BlackElo "2310"]
[Annotator "NA"]
[PlyCount "62"]
[EventDate "2019.07.19"]
[EventType "swiss"]
[EventCountry "DEN"]
[SourceTitle "playchess.com"]
[Source "ChessBase"]
[SourceQuality "1"]

1. d4 d5 2. c4 c6 3. cxd5 cxd5 4. Nc3 Nf6 5. Bf4 Nc6 6. e3 Bg4 7. Nf3 a6 8. Rc1 Qb6 9. Bd3 e6 10. Qc2 Bxf3 11. gxf3 Be7 12. a3 O-O 13. Bg5 h6 14. Bxf6 Bxf6 15. f4 Rac8 16. O-O Qd8 17. Qe2 g6 18. Na4 Be7 19. Nc5 Bxc5 20. Rxc5 Qh4 21. Rfc1 Ne7 22. b4 Rxc5 23. bxc5 Rc8 24. Rb1 Rc7 25. Qf3 Qf6 26. Kh1 h5 27. Rg1 Kf8 28. Rb1 Ke8 29. Qd1 Kf8 30. Qf3 Ke8 31. Qd1 Kf8 1/2-1/2

[Event "Xtracon Open 2019"]
[Site "Helsingor"]
[Date "2019.07.24"]
[Round "6.1"]
[White "Stovring, Claus"]
[Black "Vesterli, Michael E."]
[Result "0-1"]
[WhiteElo "2036"]
[BlackElo "2221"]
[Annotator "NA"]
[PlyCount "96"]
[EventDate "2019.07.19"]
[EventType "swiss"]
[EventCountry "DEN"]
[SourceTitle "playchess.com"]
[Source "ChessBase"]
[SourceQuality "1"]

1. e4 c5 2. Nf3 d6 3. Bb5+ Nd7 4. c3 Ngf6 5. Qe2 a6 6. Ba4 e5 7. d4 b5 8. Bc2 Qb6 9. d5 Be7 10. h3 O-O 11. Nbd2 c4 12. Nf1 Nc5 13. Ng3 Qc7 14. O-O a5 15. Nh2 Re8 16. Ng4 Nxg4 17. hxg4 Rb8 18. f4 exf4 19. Bxf4 Bf6 20. Qf3 Nd7 21. Nh5 Be5 22. Be3 Nf8 23. Rf2 Ng6 24. Raf1 Rb7 25. Qd1 Qe7 26. g3 Bd7 27. Qf3 Rf8 28. Nf4 Rbb8 29. Bd1 Nh8 30. Qh1 f6 31. Qf3 Rfe8 32. Nh5 Nf7 33. Qh1 Ng5 34. Rh2 g6 35. Nf4 Bxf4 36. Bxf4 Qxe4 37. Qxe4 Nxe4 38. Bc2 Bxg4 39. Bxe4 Rxe4 40. Bxd6 Rd8 41. Bc7 Rxd5 42. Rhf2 f5 43. Bxa5 Be2 44. Ra1 h5 45. Bc7 Bd3 46. Bb6 Rg4 47. Kh2 h4 48. Rg1 Rd7 0-1

[Event "Xtracon Open 2019"]
[Site "Helsingor"]
[Date "2019.07.24"]
[Round "6.1"]
[White "Rendlev, Niels Moller"]
[Black "Knudsen, Jan"]
[Result "0-1"]
[WhiteElo "1721"]
[BlackElo "1577"]
[Annotator "NA"]
[PlyCount "40"]
[EventDate "2019.07.19"]
[EventType "swiss"]
[EventCountry "DEN"]
[SourceTitle "playchess.com"]
[Source "ChessBase"]
[SourceQuality "1"]

1. e4 c5 2. d4 cxd4 3. c3 dxc3 4. Nxc3 e6 5. Bc4 Bc5 6. Nf3 d6 7. O-O Ne7 8. Qe2 O-O 9. Rd1 Nbc6 10. Bg5 h6 11. Bh4 a6 12. Rac1 b5 13. Bb3 Bb7 14. Nxb5 axb5 15. Rxc5 dxc5 16. Rxd8 Rfxd8 17. h3 c4 18. Bc2 Rxa2 19. e5 Rd7 20. b3 cxb3 0-1

[Event "Xtracon Open 2019"]
[Site "Helsingor"]
[Date "2019.07.24"]
[Round "6.2"]
[White "Christiansen, Johan-Sebastian"]
[Black "Pantzar, Milton"]
[Result "1-0"]
[WhiteElo "2548"]
[BlackElo "2357"]
[Annotator "ChessBase"]
[PlyCount "55"]
[EventDate "2019.07.19"]
[EventType "swiss"]
[EventCountry "DEN"]
[SourceTitle "playchess.com"]
[Source "ChessBase"]
[SourceQuality "1"]

1. e4 e5 2. Nf3 Nc6 3. Bc4 Nf6 4. Ng5 d5 5. exd5 Na5 6. Bb5+ c6 7. dxc6 bxc6 8. Qf3 Be7 9. Bd3 O-O 10. Nc3 Rb8 11. b3 Rb4 12. Ba3 Rg4 13. Bxe7 Qxe7 14. Nge4 Nxe4 15. Nxe4 f5 16. Ng3 e4 17. Qe2 Be6 18. Ba6 Rg6 19. f4 exf3 20. gxf3 h5 21. Qe5 f4 22. Ne4 Qh4+ 23. Kd1 Bd5 24. Kc1 Qh3 25. Kb2 Qxf3 26. Nc3 Re6 27. Qc7 Qf2 28. Rhg1 1-0